000 01065nam a22003617a 4500
001 0001493
003 KOHA_MİRAKIL
005 20260207001243.0
007 ta
008 090217b2005 tu |||gr||||#0|||0|tur |
020 _a9756477466
_c31,69
040 _aTR-BiSEU
_btur
_cTR-BiSEU
_erda
041 0 _atur
044 _ctu
050 _aTK5105.8885
_b.D46 2005
100 1 _aDemirkol, Zafer.
245 1 _aC # ile ASP.net/
_cZafer Demirkol ; Zafer Demirkol.
264 1 _aİstanbul :
_bPusula
_c2005
300 _axi, 546 sayfa: resimli
336 _ametin
_btxt
_2rdacontent
337 _aaracısız
_bn
_2rdamedia
338 _acilt
_bnc
_2rdacarrier
490 1 _aPusula ;
_v130.
650 0 _aWeb sites--Tasarım.
_91523
650 0 _aWeb sitesi geliştirme.
_91524
650 0 _aWeb siteleri--Yazılım programları.
_91525
650 0 _aWeb sites--Design.
_91526
650 0 _aWeb sites development.
_91527
650 0 _aWeb sites--Authoring programs.
_91528
830 1 _aPusula ;
_v130.
_93160
907 _aBilgisayar
942 _2lcc
_cBK
999 _c1480
_d1480